[Event "Azov"]
[Site "Azov"]
[Date "1993.??.??"]
[Round "?"]
[White "Berelovich, Aleksandar"]
[Black "Arkhipov, Sergey"]
[Result "0-1"]
[WhiteElo "2510"]
[BlackElo "2520"]
[PlyCount "62"]
[EventDate "1993.??.??"]
[Source "ChessBase"]

1. e4 e5 2. Nf3 Nc6 3. Bb5 Nge7 4. Nc3 Ng6 5. O-O Bc5 6. Na4 Be7 7. Bxc6 bxc6 8. d4 f6 9. Qd3 O-O 10. Qc3 Rb8 11. a3 Qe8 12. Nc5 d6 13. Nb3 f5 14. Qc4+ Qf7 15. Qxf7+ Rxf7 16. exf5 Rxf5 17. dxe5 Nxe5 18. Nfd4 Rf7 19. f4 c5 20. fxe5 Rxf1+ 21. Kxf1 cxd4 22. Nxd4 Ba6+ 23. Ke1 Rf8 24. Ne2 Rf5 25. exd6 Bxd6 26. Ng3 Re5+ 27. Kd1 h5 28. Bd2 h4 29. Nf1 Re2 30. c4 Rxg2 31. Rc1 Bxh2 0-1

[Event "Arco di Trento op1"]
[Site "Arco di Trento"]
[Date "1997.??.??"]
[Round "8"]
[White "Wahls, Matthias"]
[Black "Wohl, Aleksandar H"]
[Result "0-1"]
[WhiteElo "2605"]
[BlackElo "2425"]
[PlyCount "61"]
[EventDate "1997.??.??"]
[Source "www.chesslib.no"]
[SourceDate "2004.05.04"]

1. e4 e5 2. Nf3 Nc6 3. Bb5 Nge7 4. Nc3 g6 5. d4 exd4 6. Nd5 Bg7 7. Bg5 h6 8. Bf6 Bxf6 9. Nxf6+ Kf8 10. O-O Kg7 11. Nd5 d6 12. Bxc6 Nxc6 13. Nxd4 Nxd4 14. Qxd4+ f6 15. c4 Be6 16. Rac1 Bf7 17. Rfd1 Re8 18. Rd2 c6 19. Nc3 Qa5 20. b3 Rad8 21. f3 a6 22. Ne2 Re7 23. Kf1 Rde8 24. Qe3 Qh5 25. h3 Qh4 26. Rcd1 Qg5 27. Rd3 Qc5 28. Rd4 Qe5 29. R4d3 Be6 30. Nd4 Bf7 31. Nc2 0-1

[Event "Kecskemet"]
[Site "Kecskemet"]
[Date "1992.??.??"]
[Round "3"]
[White "Haba, Petr"]
[Black "Arkhipov, Sergey"]
[Result "1/2-1/2"]
[WhiteElo "2515"]
[BlackElo "2515"]
[PlyCount "61"]
[EventDate "1992.04.??"]
[Source "ChessBase"]

1. e4 e5 2. Nf3 Nc6 3. Bb5 Nge7 4. c3 d5 5. Nxe5 dxe4 6. d4 exd3 7. Qf3 Be6 8. Nxc6 Nxc6 9. Bxc6+ bxc6 10. Qxc6+ Bd7 11. Qf3 Bd6 12. Bg5 f6 13. Be3 O-O 14. Nd2 Kh8 15. O-O Be6 16. Bf4 Rb8 17. b3 Bf7 18. Rad1 Re8 19. Bxd6 Qxd6 20. Qg3 Qxg3 21. hxg3 Re2 22. Rfe1 Rbe8 23. Rxe2 dxe2 24. Re1 Bg6 25. f3 Bc2 26. Kf2 Bd1 27. c4 Rd8 28. Ke3 Re8+ 29. Kf2 Rd8 30. Ke3 Re8+ 31. Kf2 1/2-1/2

[Event "It (Open) Zadar CRO"]
[Site "?"]
[Date "2005.12.18"]
[Round "9"]
[White "Fercec Nenad"]
[Black "Stevic Hrvoje"]
[Result "1/2-1/2"]
[WhiteElo "2512"]
[BlackElo "2514"]
[PlyCount "105"]
[EventDate "2005.??.??"]
[Source "www.chesslib.no"]
[SourceDate "2004.05.04"]

1. e4 e5 2. Nf3 Nc6 3. Bb5 Nge7 4. O-O g6 5. c3 Bg7 6. d4 exd4 7. cxd4 d5 8. exd5 Nxd5 9. Re1+ Be6 10. Bg5 Qd6 11. Nbd2 O-O 12. Nc4 Qb4 13. Bxc6 bxc6 14. Qc1 Rfe8 15. Bd2 Qb5 16. a4 Qa6 17. Nce5 Ne7 18. Ra3 Bd5 19. Bh6 Bh8 20. h3 Nf5 21. Bf4 Bg7 22. g4 Nd6 23. Bh6 f6 24. Bxg7 Kxg7 25. Nd7 Qc8 26. Nc5 Nc4 27. Rc3 Rxe1+ 28. Nxe1 Qe8 29. Ned3 Qf7 30. Nf4 Re8 31. b3 Nd6 32. Re3 Rxe3 33. Qxe3 Kg8 34. f3 Qe8 35. Qxe8+ Nxe8 36. Kf2 Kf7 37. Ke3 Ke7 38. h4 Ng7 39. b4 Bf7 40. Na6 Kd6 41. Nc5 h6 42. Nb7+ Kd7 43. Nc5+ Kd6 44. Nb7+ Kd7 45. Nd3 g5 46. hxg5 hxg5 47. Ndc5+ Ke7 48. Na6 Ne8 49. Nb8 Bd5 50. Na5 Kd6 51. Nb7+ Ke7 52. Na5 Kd6 53. Nb7+ 1/2-1/2

[Event "Jakarta Gunadarma"]
[Site "Jakarta"]
[Date "1996.??.??"]
[Round "7"]
[White "Hickl, Joerg"]
[Black "Gunawan, Ruben"]
[Result "0-1"]
[WhiteElo "2600"]
[BlackElo "2425"]
[PlyCount "80"]
[EventDate "1996.10.15"]
[Source "ChessBase"]

1. e4 e5 2. Nf3 Nc6 3. Bb5 Nge7 4. O-O a6 5. Bc4 Ng6 6. d4 Be7 7. dxe5 Ngxe5 8. Nxe5 Nxe5 9. Bb3 d6 10. f4 Nd7 11. Be3 O-O 12. Nd2 Nf6 13. Kh1 Bd7 14. Qe2 Bc6 15. Bf2 Qd7 16. Rae1 Rae8 17. Qd3 Qg4 18. Bg1 Nh5 19. Qe2 Qg6 20. Qf3 Bh4 21. Bf2 Bxf2 22. Rxf2 Kh8 23. f5 Qg5 24. c4 Re7 25. Bc2 Rfe8 26. Kg1 Nf6 27. Rfe2 b5 28. cxb5 axb5 29. Qc3 Bb7 30. Bd3 c6 31. Nf3 Qg4 32. Qd4 c5 33. Qxd6 Rd7 34. Ne5 Rxd6 35. Nxg4 Rxd3 36. Nf2 Rdd8 37. e5 Nd5 38. Nd3 Rc8 39. e6 f6 40. Rd2 g6 0-1

[Event "RUS-ch"]
[Site "Elista"]
[Date "1996.??.??"]
[Round "3"]
[White "Yemelin, Vasily"]
[Black "Korneev, Oleg"]
[Result "1/2-1/2"]
[WhiteElo "2460"]
[BlackElo "2565"]
[PlyCount "108"]
[EventDate "1996.10.15"]
[Source "ChessBase"]

1. e4 e5 2. Nf3 Nc6 3. Bb5 Nge7 4. c3 d5 5. d3 dxe4 6. dxe4 Qxd1+ 7. Kxd1 f6 8. Be3 Bd7 9. Nbd2 O-O-O 10. a4 g5 11. Kc2 h5 12. h4 g4 13. Ne1 f5 14. Nd3 f4 15. Bc5 Ng6 16. g3 b6 17. Bxf8 Rhxf8 18. Ba6+ Kb8 19. b4 Bc8 20. Bxc8 Kxc8 21. Rhg1 a5 22. b5 Nce7 23. Nc4 Ng8 24. Ncxe5 Nxe5 25. Nxe5 fxg3 26. fxg3 Rf2+ 27. Kb3 Re8 28. Nc6 Nf6 29. e5 Ne4 30. Kc4 Nd2+ 31. Kd5 Nf3 32. Rge1 Rd2+ 33. Ke4 Nxe1 34. Rxe1 Rg2 35. Kf4 Rf8+ 36. Kg5 Kd7 37. e6+ Kd6 38. e7 Re8 39. Rd1+ Ke6 40. Re1+ Kf7 41. Rf1+ Kg7 42. Rf6 Rxg3 43. Rg6+ Kf7 44. Kxh5 Rxc3 45. Rxg4 Rxc6 46. bxc6 Rxe7 47. Rd4 Re5+ 48. Kg4 Kg6 49. Rd7 Re4+ 50. Kg3 Rxa4 51. Rxc7 Rc4 52. Rc8 a4 53. c7 Kg7 54. Ra8 Rxc7 1/2-1/2

[Event "WJun"]
[Site "Yerevan ARM"]
[Date "2007.10.05"]
[Round "3"]
[White "Rohit, G."]
[Black "Howell, D."]
[Result "0-1"]
[WhiteElo "2491"]
[BlackElo "2527"]
[PlyCount "54"]
[EventDate "2007.10.03"]
[Source "www.chesslib.no"]
[SourceDate "2004.05.04"]

1. e4 e5 2. Nf3 Nc6 3. Bb5 Nge7 4. c3 d5 5. Qa4 a6 6. Bxc6+ Nxc6 7. d3 f6 8. O-O Be6 9. Nbd2 dxe4 10. dxe4 Qd3 11. Re1 Qb5 12. Qc2 O-O-O 13. b4 Qd3 14. Qb2 g5 15. a4 a5 16. b5 Ne7 17. b6 Ng6 18. bxc7 Rd7 19. Rb1 Qa6 20. h3 Nf4 21. Qb6 Qxb6 22. Rxb6 Bc5 23. Rb5 Nd3 24. Rf1 b6 25. Nb3 Bc4 26. Nxc5 Nxc5 27. Rxb6 Kxc7 0-1

[Event "Jack Speigel Memorial"]
[Site "Southend ENG"]
[Date "2008.03.22"]
[Round "4"]
[White "Plaskett, J."]
[Black "Howell, D."]
[Result "0-1"]
[WhiteElo "2490"]
[BlackElo "2528"]
[PlyCount "50"]
[EventDate "2008.03.21"]
[Source "www.chesslib.no"]
[SourceDate "2004.05.04"]

1. e4 e5 2. Nf3 Nc6 3. Bb5 Nge7 4. O-O Ng6 5. c3 a6 6. Ba4 d5 7. d4 dxe4 8. Nxe5 Ngxe5 9. dxe5 Bf5 10. Bf4 Bc5 11. Nd2 Qh4 12. Bxc6+ bxc6 13. Qa4 O-O 14. Nxe4 Bb6 15. Rfe1 Rfe8 16. Bg3 Qh6 17. Kh1 Qg6 18. f3 h5 19. Rad1 h4 20. Bf4 h3 21. g4 Rad8 22. Ng5 Bc2 23. Rxd8 Rxd8 24. Qxa6 Bf2 25. Rf1 Bh4 0-1

[Event "Kuala Lumpur"]
[Site "Kuala Lumpur"]
[Date "1994.??.??"]
[Round "3"]
[White "Xie Jun"]
[Black "Ye Rongguang"]
[Result "1/2-1/2"]
[WhiteElo "2515"]
[BlackElo "2500"]
[PlyCount "37"]
[EventDate "1994.03.??"]
[Source "ChessBase"]

1. e4 e5 2. Nf3 Nc6 3. Bb5 Nge7 4. c3 g6 5. d4 exd4 6. cxd4 d5 7. exd5 Nxd5 8. O-O Bg7 9. Re1+ Be6 10. Ne5 O-O 11. Nxc6 bxc6 12. Bxc6 Rb8 13. Nc3 Rb4 14. Qc2 Rxd4 15. Bxd5 Bxd5 16. Nxd5 Qxd5 17. Be3 Rb4 18. Qxc7 Rxb2 19. Rad1 1/2-1/2

[Event "JUG-ch"]
[Site "Kladovo"]
[Date "1990.??.??"]
[Round "?"]
[White "Ivanovic, Bozidar"]
[Black "Lazic, Miroljub"]
[Result "1-0"]
[WhiteElo "2520"]
[BlackElo "2495"]
[PlyCount "63"]
[EventDate "1990.02.??"]
[Source "ChessBase"]

1. e4 e5 2. Nf3 Nc6 3. Bb5 Nge7 4. Nc3 Ng6 5. d4 exd4 6. Nxd4 Bc5 7. Nf5 O-O 8. Be3 Bxe3 9. Nxe3 d6 10. h4 h6 11. g3 Re8 12. Qd2 a6 13. Be2 b5 14. a3 Rb8 15. b4 Nce7 16. f4 f5 17. O-O Bd7 18. Bh5 Rf8 19. exf5 Bxf5 20. Nxf5 Rxf5 21. Bg4 Rf8 22. Be6+ Kh8 23. h5 Rf6 24. Ba2 Nf5 25. Ne4 Nf8 26. g4 Nh4 27. Rae1 Nd7 28. Nxf6 Qxf6 29. Re6 Qb2 30. Bb3 Nf8 31. Re7 Qf6 32. Rf7 1-0

[Event "ISR-chT"]
[Site "?"]
[Date "2003.03.08"]
[Round "5"]
[White "Rechlis Gad"]
[Black "Gofshtein Leonid D"]
[Result "1-0"]
[WhiteElo "2501"]
[BlackElo "2513"]
[PlyCount "79"]
[EventDate "2003.??.??"]
[Source "www.chesslib.no"]
[SourceDate "2004.05.04"]

1. e4 e5 2. Nf3 Nc6 3. Bb5 Nge7 4. c3 g6 5. d4 exd4 6. cxd4 a6 7. Ba4 b5 8. Bb3 Bg7 9. Nc3 d6 10. a4 b4 11. Nd5 h6 12. Be3 Na5 13. Rc1 c6 14. Nxe7 Qxe7 15. O-O O-O 16. Ba2 Rb8 17. Re1 Rd8 18. Qd2 Kh7 19. h3 Qf8 20. Bf4 Rb7 21. e5 dxe5 22. Bxe5 b3 23. Bxg7 Kxg7 24. Bb1 Qb4 25. Qf4 Nc4 26. Bd3 Nxb2 27. Rxc6 Qf8 28. Bxa6 Bf5 29. Qd2 Nxa4 30. Bxb7 b2 31. Rc4 Re8 32. Ne5 Qd6 33. f4 Rb8 34. Rxa4 Rxb7 35. Nc4 Qb8 36. Na3 Rb3 37. Nb1 Qb5 38. Ra5 Qd7 39. d5 Bd3 40. Ra3 1-0

[Event "RUS-Cup3"]
[Site "Omsk"]
[Date "1996.??.??"]
[Round "5"]
[White "Egin, Vladimir"]
[Black "Korneev, Oleg"]
[Result "1-0"]
[WhiteElo "2445"]
[BlackElo "2565"]
[PlyCount "84"]
[EventDate "1996.12.13"]
[Source "ChessBase"]
[SourceDate "1997.04.10"]

1. e4 e5 2. Nf3 Nc6 3. Bb5 Nge7 4. d4 exd4 5. Nxd4 g6 6. Nc3 Bg7 7. Be3 O-O 8. Qd2 d5 9. Bxc6 bxc6 10. Bh6 dxe4 11. Bxg7 Kxg7 12. Nxe4 Qd5 13. f3 c5 14. Nb3 Qxd2+ 15. Nbxd2 Nd5 16. Nxc5 Ne3 17. Kf2 Nxc2 18. Rac1 Nb4 19. a3 Rd8 20. Nde4 Nd5 21. Rhd1 Bf5 22. Nb7 Rdb8 23. Nec5 Nf4 24. b4 h5 25. h4 Re8 26. Rc4 Re2+ 27. Kf1 Rxg2 28. Rxf4 Ra2 29. Rd8 Rxd8 30. Nxd8 Rxa3 31. Nc6 Ra2 32. Rc4 Bh3+ 33. Ke1 Bg2 34. Nd4 a5 35. bxa5 Rxa5 36. Ne4 Ra7 37. Ng5 f6 38. Nge6+ Kf7 39. Kf2 g5 40. hxg5 fxg5 41. Kxg2 g4 42. fxg4 hxg4 1-0

[Event "Nagykanizsa 1st"]
[Site "Nagykanizsa"]
[Date "2003.11.13"]
[Round "9"]
[White "Balogh, Csaba"]
[Black "Varga, Zoltan"]
[Result "1/2-1/2"]
[WhiteElo "2449"]
[BlackElo "2558"]
[PlyCount "20"]
[EventDate "2003.11.05"]
[Source "ChessBase"]
[SourceDate "2004.03.30"]

1. e4 e5 2. Nf3 Nc6 3. Bb5 Nge7 4. O-O a6 5. Ba4 g6 6. c3 Bg7 7. d4 exd4 8. cxd4 O-O 9. d5 Na5 10. Nbd2 b5 1/2-1/2

[Event "Nettetal"]
[Site "Nettetal"]
[Date "1992.??.??"]
[Round "2"]
[White "Lanka, Zigurds"]
[Black "Arkhipov, Sergey"]
[Result "1/2-1/2"]
[WhiteElo "2490"]
[BlackElo "2515"]
[PlyCount "88"]
[EventDate "1992.02.??"]
[Source "ChessBase"]

1. e4 e5 2. Nf3 Nc6 3. Bb5 Nge7 4. Nc3 Ng6 5. d4 Bb4 6. O-O Bxc3 7. bxc3 d6 8. Bg5 f6 9. Be3 O-O 10. Qd3 Kh8 11. a4 Na5 12. Qd2 Be6 13. Rfb1 b6 14. h4 Ne7 15. Nh2 Bc4 16. Nf1 Qc8 17. f3 Qe6 18. h5 f5 19. h6 Rf7 20. dxe5 dxe5 21. Bd7 Qg6 22. exf5 Nxf5 23. Bxf5 Qxf5 24. Nh2 Be6 25. Qe2 Nc4 26. Rb4 Nxe3 27. Qxe3 Qf6 28. hxg7+ Rxg7 29. Re1 Rag8 30. g4 Bf5 31. Qxe5 Qxe5 32. Rxe5 Bxc2 33. a5 Rg5 34. Rbb5 Rxe5 35. Rxe5 Rf8 36. Kf2 Rf4 37. Ke3 Rc4 38. Kd2 Bg6 39. axb6 cxb6 40. g5 Bh5 41. Re7 a5 42. Rb7 Ra4 43. Ke3 Rc4 44. Kd2 Ra4 1/2-1/2

[Event "Oakham"]
[Site "Oakham ENG"]
[Date "1994.??.??"]
[Round "4"]
[White "Prie, Eric"]
[Black "Flear, Glenn C"]
[Result "1/2-1/2"]
[WhiteElo "2475"]
[BlackElo "2525"]
[PlyCount "53"]
[EventDate "1994.??.??"]
[Source "www.chesslib.no"]
[SourceDate "2004.05.04"]

1. e4 e5 2. Nf3 Nc6 3. Bb5 Nge7 4. O-O g6 5. d4 exd4 6. Nxd4 Bg7 7. Be3 O-O 8. Nc3 d5 9. exd5 Nxd5 10. Nxc6 bxc6 11. Nxd5 cxb5 12. Bc5 Re8 13. Ne7+ Kh8 14. Qf3 Be6 15. Rad1 Qb8 16. b3 a5 17. h3 a4 18. Rd2 Ra6 19. Rfd1 Qa8 20. Qf4 axb3 21. axb3 Qb8 22. Qh4 Ra8 23. Bd4 h5 24. g4 c5 25. Bxg7+ Kxg7 26. gxh5 Qe5 27. hxg6 1/2-1/2

[Event "POL-ch"]
[Site "Ksiaz"]
[Date "1998.03.20"]
[Round "8"]
[White "Gdanski, Jacek"]
[Black "Urban, Klaudiusz"]
[Result "1/2-1/2"]
[WhiteElo "2520"]
[BlackElo "2480"]
[PlyCount "41"]
[EventDate "1998.03.12"]
[Source "ChessBase"]
[SourceDate "1998.04.29"]

1. e4 e5 2. Nf3 Nc6 3. Bb5 Nge7 4. d4 exd4 5. Nxd4 g6 6. Nxc6 Nxc6 7. Bxc6 bxc6 8. Qd4 f6 9. Nc3 Bg7 10. O-O O-O 11. Bf4 Rf7 12. Rfe1 d6 13. Qd2 Qf8 14. Na4 h6 15. c4 f5 16. exf5 Rxf5 17. Bg3 Qf7 18. Rac1 c5 19. b3 Bb7 20. Nc3 a6 21. Re2 1/2-1/2

[Event "It (Open) INT"]
[Site "?"]
[Date "2006.05.06"]
[Round "?"]
[White "Vysochin Spartak"]
[Black "Gorin Leonid"]
[Result "1-0"]
[WhiteElo "2555"]
[BlackElo "2443"]
[PlyCount "111"]
[EventDate "2006.??.??"]
[Source "www.chesslib.no"]
[SourceDate "2004.05.04"]

1. e4 e5 2. Nf3 Nc6 3. Bb5 Nge7 4. O-O g6 5. d4 exd4 6. c3 Bg7 7. cxd4 d5 8. exd5 Nxd5 9. Re1+ Be6 10. Nc3 O-O 11. Bg5 Qd6 12. a3 Nxc3 13. bxc3 Bd5 14. Rb1 a6 15. Bd3 b5 16. Nd2 Qxa3 17. Ne4 Rfe8 18. Ra1 Qb3 19. Qd2 b4 20. Reb1 Qxb1+ 21. Rxb1 Bxe4 22. Bxe4 Rxe4 23. d5 Bxc3 24. Qc2 Rae8 25. h4 Nd4 26. Qa4 Kg7 27. Kh2 h6 28. Be3 Nf5 29. Bc5 Rc4 30. Qxe8 Rxc5 31. Qe4 a5 32. h5 Nd6 33. Qg4 Rxd5 34. hxg6 Rg5 35. Qd7 Rxg6 36. Qxc7 a4 37. Qc5 a3 38. Rxb4 Bxb4 39. Qxb4 a2 40. Qb2+ Kh7 41. Qxa2 Ne4 42. Qxf7+ Rg7 43. Qf5+ Rg6 44. Qxe4 Kg7 45. g4 Rf6 46. Kg3 Rg6 47. f4 Rf6 48. f5 Rf7 49. Qe5+ Kg8 50. Kh4 Rg7 51. Qf6 Kh7 52. Qe6 Rg5 53. f6 Rg6 54. Qf7+ Kh8 55. Qxg6 h5 56. Qg7# 1-0

[Event "Karditsa"]
[Site "Karditsa"]
[Date "1994.??.??"]
[Round "2"]
[White "Georgiev, Krum"]
[Black "Skembris, Spyridon"]
[Result "1/2-1/2"]
[WhiteElo "2470"]
[BlackElo "2525"]
[PlyCount "43"]
[EventDate "1994.03.??"]
[Source "ChessBase"]

1. e4 e5 2. Nf3 Nc6 3. Bb5 Nge7 4. O-O a6 5. Ba4 Ng6 6. c3 d6 7. d4 Bd7 8. c4 Be7 9. Nc3 O-O 10. Be3 Nxd4 11. Nxd4 exd4 12. Bxd4 Bxa4 13. Qxa4 Bf6 14. Bxf6 Qxf6 15. Nd5 Qxb2 16. Rab1 Qd4 17. Rxb7 Qxe4 18. Rxc7 Nh4 19. Ne3 Nf5 20. Nxf5 Qxf5 21. h3 Qf4 22. Qc6 1/2-1/2

[Event "Oslo"]
[Site "Oslo"]
[Date "1984.??.??"]
[Round "?"]
[White "Arnason, Jon L"]
[Black "Wedberg, Tom"]
[Result "1/2-1/2"]
[WhiteElo "2500"]
[BlackElo "2495"]
[PlyCount "86"]
[EventDate "1984.04.??"]
[Source "ChessBase"]

1. e4 e5 2. Nf3 Nc6 3. Bb5 Nge7 4. Nc3 Ng6 5. d4 exd4 6. Nxd4 Nxd4 7. Qxd4 c6 8. Bc4 Qb6 9. Be3 Qxd4 10. Bxd4 b5 11. Be2 Nf4 12. Bf3 Ne6 13. Be3 b4 14. Nb1 a5 15. a3 Rb8 16. axb4 Bxb4+ 17. Kd1 O-O 18. Kc1 f5 19. c3 fxe4 20. Bxe4 Bc5 21. Rxa5 Bxe3+ 22. fxe3 Rf2 23. Nd2 Nc7 24. Bf3 Ba6 25. Re1 Bd3 26. e4 c5 27. c4 Rb4 28. b3 Ne6 29. Re3 Bf1 30. g3 Nd4 31. Bd1 Rb8 32. Rxc5 Ra8 33. Rd5 Ra1+ 34. Nb1 Nc6 35. Rf3 Rxh2 36. Rxd7 Bh3 37. Rd6 Bg4 38. Rf1 Bxd1 39. Rfxd1 Na5 40. Rd8+ Kf7 41. R8d3 Rg2 42. c5 Ke7 43. Rd7+ Ke8 1/2-1/2

[Event "It (Open) Nova Gorica SLO"]
[Site "?"]
[Date "2006.01.27"]
[Round "2"]
[White "Korneev Oleg"]
[Black "Jeric Simon"]
[Result "1-0"]
[WhiteElo "2649"]
[BlackElo "2328"]
[PlyCount "57"]
[EventDate "2006.??.??"]
[Source "www.chesslib.no"]
[SourceDate "2004.05.04"]

1. e4 e5 2. Nf3 Nc6 3. Bb5 Nge7 4. d4 exd4 5. Nxd4 a6 6. Nxc6 Nxc6 7. Bc4 d6 8. O-O Be6 9. Bb3 Bxb3 10. axb3 g6 11. Nc3 Bg7 12. f4 O-O 13. f5 Bxc3 14. bxc3 f6 15. Rf3 g5 16. Rg3 Qe8 17. h4 h6 18. Qd5+ Qf7 19. Qd3 Rfe8 20. Bd2 Ne5 21. Qe2 d5 22. Ra4 Rad8 23. exd5 Rxd5 24. hxg5 hxg5 25. Rh4 Ng4 26. Qxg4 Rxd2 27. Rgh3 Re1+ 28. Kh2 Qg7 29. Qc4+ 1-0

[Event "XXIV ECC"]
[Site "Kallithea GRE"]
[Date "2008.10.17"]
[Round "1"]
[White "Hracek, Z."]
[Black "Lagerman, R."]
[Result "1-0"]
[WhiteElo "2613"]
[BlackElo "2363"]
[PlyCount "161"]
[EventDate "2008.10.17"]
[Source "www.chesslib.no"]
[SourceDate "2004.05.04"]

1. e4 e5 2. Nf3 Nc6 3. Bb5 Nge7 4. Nc3 d6 5. d4 Bd7 6. O-O Nxd4 7. Nxd4 exd4 8. Qxd4 Bxb5 9. Nxb5 a6 10. Nc3 Nc6 11. Qd3 Be7 12. Nd5 O-O 13. Bd2 Ne5 14. Qg3 c6 15. Ba5 Qxa5 16. Nxe7+ Kh8 17. Nf5 Ng6 18. Nxd6 Ne7 19. Rfd1 b5 20. Qe5 Ng6 21. Qc5 Qc7 22. a4 bxa4 23. Rxa4 Nf4 24. Rc4 Qd7 25. Qf5 Ne6 26. Rc3 Rab8 27. Rcd3 Qe7 28. b3 c5 29. g3 Rb4 30. Qd5 Qf6 31. Qf5 Qe7 32. Nc4 Nd4 33. Qe5 Qxe5 34. Nxe5 Nxc2 35. Nd7 Rc8 36. Nxc5 g6 37. Nxa6 Rxe4 38. Rd8+ Rxd8 39. Rxd8+ Kg7 40. Rd1 g5 41. Kf1 g4 42. Rc1 Nd4 43. Nc5 Re5 44. Nd3 Nxb3 45. Nxe5 Nxc1 46. Nxg4 f6 47. Ne3 Kg6 48. Ke1 Nd3+ 49. Ke2 Nc5 50. f3 Ne6 51. Kd3 Nc5+ 52. Kc4 Ne6 53. f4 f5 54. Kd5 Kf6 55. Nc2 Nc7+ 56. Kc6 Ne6 57. Kd6 h6 58. Kd5 Nc7+ 59. Kc6 Ne6 60. Kd6 h5 61. h4 Nd8 62. Ne3 Nb7+ 63. Kc6 Na5+ 64. Kd5 Nb3 65. Kd6 Nd4 66. Nd5+ Kg6 67. Kd7 Ne2 68. Ke6 Nd4+ 69. Kd6 Nf3 70. Ke7 Nd4 71. Ne3 Ne2 72. Nc4 Nxg3 73. Ne5+ Kg7 74. Ke6 Kh6 75. Kf6 Ne4+ 76. Kxf5 Ng3+ 77. Kf6 Ne4+ 78. Ke6 Kg7 79. Nd7 Nd2 80. f5 Nf3 81. f6+ 1-0

[Event "Kecskemet GM"]
[Site "Kecskemet HUN"]
[Date "1991.??.??"]
[Round "5"]
[White "Palac, Mladen"]
[Black "Arkhipov, Sergey"]
[Result "0-1"]
[WhiteElo "2475"]
[BlackElo "2500"]
[PlyCount "86"]
[EventDate "1991.12.??"]
[Source "www.chesslib.no"]
[SourceDate "2004.05.04"]

1. e4 e5 2. Nf3 Nc6 3. Bb5 Nge7 4. O-O g6 5. c3 Bg7 6. d4 exd4 7. cxd4 a6 8. Ba4 b5 9. Bc2 O-O 10. d5 Na5 11. a4 b4 12. Nbd2 d6 13. Nb3 c5 14. Nxa5 Qxa5 15. Nd2 Qd8 16. Nc4 a5 17. Re1 Ba6 18. Bb3 Nc8 19. Rb1 Nb6 20. Nxa5 Qc7 21. Be3 Nxa4 22. Bxa4 Qxa5 23. Bc6 Ra7 24. Ra1 Qb6 25. Qd2 Bb7 26. Rxa7 Qxa7 27. Bxb7 Qxb7 28. Bh6 Bxh6 29. Qxh6 c4 30. Qf4 Qe7 31. Qd2 Rb8 32. Qd4 Rc8 33. Rc1 Qg5 34. f4 Qxf4 35. Rxc4 Rxc4 36. Qxc4 Qd2 37. h3 Qxb2 38. Qc7 Qd4+ 39. Kh1 Kg7 40. Qxd6 b3 41. Qb8 b2 42. Kh2 Qf6 43. Kg3 g5 0-1

[Event "Sochi"]
[Site "Sochi"]
[Date "1993.??.??"]
[Round "?"]
[White "Shmuter, Leonid"]
[Black "Arkhipov, Sergey"]
[Result "1/2-1/2"]
[WhiteElo "2455"]
[BlackElo "2520"]
[PlyCount "137"]
[EventDate "1993.09.??"]
[Source "ChessBase"]

1. e4 e5 2. Nf3 Nc6 3. Bb5 Nge7 4. O-O g6 5. c3 a6 6. Ba4 Bg7 7. d4 exd4 8. cxd4 b5 9. Bb3 O-O 10. Re1 d6 11. h3 Bb7 12. a3 Na5 13. Ba2 c5 14. Nc3 b4 15. axb4 cxb4 16. Na4 Rb8 17. Bg5 h6 18. Bf4 Kh7 19. d5 Bc8 20. h4 Ng8 21. h5 Bg4 22. Qd3 Bxh5 23. Nd2 Qf6 24. Bg3 Rb5 25. Nc4 Nb7 26. Nd2 Qd4 27. Bc4 Qxd3 28. Bxd3 f5 29. Bxb5 axb5 30. exf5 bxa4 31. fxg6+ Bxg6 32. Rxa4 Nc5 33. Ra7 Nd3 34. Re6 Rf7 35. Rxf7 Bxf7 36. Rxd6 Nf6 37. b3 Nxd5 38. Rd7 Be6 39. Rb7 Kg6 40. Bd6 Bd4 41. Nf3 Bxf2+ 42. Kf1 Bc5 43. Bxc5 Nxc5 44. Rb8 Nd7 45. Rb5 N7b6 46. Ne5+ Kf6 47. Nd3 Bd7 48. Ra5 Bf5 49. Ke2 h5 50. g3 Be6 51. Kf3 Bf5 52. Ke2 Kg5 53. Ne5 Nc3+ 54. Ke3 Nbd5+ 55. Kd4 Be6 56. Nd3 Kg4 57. Nxb4 Ne2+ 58. Ke5 Nxb4 59. Kxe6 Nc6 60. Rd5 Nxg3 61. Rxh5 Kxh5 62. b4 Ne2 63. b5 Na5 64. b6 Nd4+ 65. Kd5 Ndc6 66. b7 Nb8 67. Ke4 Kg4 68. Ke3 Kg3 69. Ke2 1/2-1/2

[Event "76th ch-UKR Final"]
[Site "Kharkiv UKR"]
[Date "2007.11.24"]
[Round "8"]
[White "Rogovski, V."]
[Black "Tarlev, K."]
[Result "1/2-1/2"]
[WhiteElo "2485"]
[BlackElo "2490"]
[PlyCount "118"]
[EventDate "2007.11.17"]
[Source "www.chesslib.no"]
[SourceDate "2004.05.04"]

1. e4 Nc6 2. Nf3 e5 3. Bb5 Nge7 4. d4 Nxd4 5. Nxd4 exd4 6. Qxd4 Nc6 7. Bxc6 dxc6 8. Qxd8+ Kxd8 9. Bd2 Be6 10. Nc3 Kd7 11. O-O-O Re8 12. Bf4+ Kc8 13. a3 Bc5 14. f3 a5 15. Ne2 Rd8 16. Rxd8+ Rxd8 17. Rd1 Bd6 18. Bd2 a4 19. h3 Bc4 20. Re1 b5 21. Bc3 c5 22. g4 b4 23. Bd2 Be7 24. g5 h6 25. h4 hxg5 26. Bxg5 f6 27. Bf4 Rh8 28. Bg3 Bd6 29. Bxd6 cxd6 30. Ng3 bxa3 31. bxa3 g6 32. Rh1 Kd7 33. Kd2 d5 34. h5 gxh5 35. Nxh5 Kd6 36. exd5 Bxd5 37. Ke3 Kc6 38. Ng3 Re8+ 39. Kf4 Kb5 40. Rd1 Bc6 41. Rd6 Re1 42. Nf5 Ra1 43. c4+ Kb6 44. Ne7 Kc7 45. Rxc6+ Kd7 46. Ra6 Kxe7 47. Rxa4 Rh1 48. Ra7+ Ke6 49. Ra6+ Ke7 50. Ke4 Re1+ 51. Kf5 Re5+ 52. Kf4 Rh5 53. a4 Rh4+ 54. Kf5 Rxc4 55. f4 Kd7 56. a5 Ra4 57. Ra8 c4 58. Ke4 c3+ 59. Kd3 Rxf4 1/2-1/2

[Event "Latin Cup Final"]
[Site "Bogota COL"]
[Date "1991.??.??"]
[Round "9"]
[White "Rodriguez Cespedes, Amador"]
[Black "Garcia, Gildardo"]
[Result "1/2-1/2"]
[WhiteElo "2530"]
[BlackElo "2445"]
[PlyCount "77"]
[EventDate "1991.??.??"]
[Source "www.chesslib.no"]
[SourceDate "2004.05.04"]

1. e4 e5 2. Nf3 Nc6 3. Bb5 Nge7 4. c3 g6 5. d4 exd4 6. cxd4 a6 7. Ba4 Bg7 8. d5 b5 9. Bc2 Na5 10. Nc3 O-O 11. O-O d6 12. Nd4 c6 13. Nxc6 Nexc6 14. dxc6 Nxc6 15. Be3 Bb7 16. Rb1 Rc8 17. a4 Nb4 18. Bb3 bxa4 19. Bxa4 Qe7 20. Bd4 a5 21. Bxg7 Kxg7 22. Qd4+ Qe5 23. Rfd1 Rfd8 24. Rd2 Qxd4 25. Rxd4 Kf8 26. Rbd1 Ke7 27. Bb3 Bc6 28. f3 f6 29. R1d2 Na6 30. Bd5 Nc5 31. b4 axb4 32. Rxb4 Bxd5 33. Nxd5+ Kf7 34. Ne3 Ra8 35. Rb6 Ra6 36. Rxa6 Nxa6 37. Ra2 Nc5 38. Ra7+ Rd7 39. Rxd7+ 1/2-1/2

[Event "Moscow Alekhine op"]
[Site "Moscow"]
[Date "1996.??.??"]
[Round "4"]
[White "Najer, Evgeniy"]
[Black "Arkhipov, Sergey"]
[Result "1/2-1/2"]
[WhiteElo "2455"]
[BlackElo "2515"]
[PlyCount "99"]
[EventDate "1996.??.??"]
[Source "www.chesslib.no"]
[SourceDate "2004.05.04"]

1. e4 e5 2. Nf3 Nc6 3. Bb5 Nge7 4. c3 d5 5. d4 exd4 6. O-O dxe4 7. Nxd4 Bd7 8. Qe2 a6 9. Bc4 Nxd4 10. cxd4 Nf5 11. Nc3 Be7 12. Nxe4 O-O 13. Rd1 Nd6 14. Bb3 Bf5 15. Nc5 Re8 16. Qf3 Qc8 17. h3 Bf6 18. Bf4 b6 19. Bd5 bxc5 20. Bxd6 Rb8 21. Bxc5 Rxb2 22. Re1 Be6 23. Bxe6 Rxe6 24. Rxe6 fxe6 25. Qc6 Rc2 26. Rd1 h6 27. a4 Kh8 28. g3 Rc4 29. Kg2 Be7 30. Re1 Bd6 31. a5 Rc3 32. h4 e5 33. Qd5 Rd3 34. Qe4 Rd2 35. Qe3 Rc2 36. Qd3 Qb7+ 37. Kg1 Qb2 38. Qf5 Rc1 39. Rxc1 Qxc1+ 40. Kg2 Bxc5 41. dxc5 Qxc5 42. Qc8+ Kh7 43. Qxa6 Qd5+ 44. Kg1 e4 45. Qa7 c5 46. a6 Qd1+ 47. Kh2 Qe2 48. Qxc5 Qxa6 49. Qf5+ Qg6 50. Qf4 1/2-1/2